Music Quiz

Random Music or Missing Word Quiz
Score 0/28 Timer 06:00
0 Plays Today
Song Following 'You' % Correct
Every Breath YouTake
97.2%
Wake Me Up Before YouGo-Go
93.9%
I Got YouBabe
89.1%
Come as YouAre
86.7%
Since UBeen Gone
82.4%
Don't Stop 'Til YouGet Enough
77%
Mama Said Knock YouOut
72.8%
Say You,Say Me
71.9%
Don't YouWant Me
65.9%
Don't You(Forget About Me)
65.2%
If Ever I See YouAgain
64.7%
Dress YouUp
61.2%
Rock YouLike a Hurricane
58.2%
I Want Youto Want Me
55.3%
Song Following 'You' % Correct
Have YouEver Seen the Rain
53.1%
Yester-Me, Yester-You, Yesterday
52.8%
I'll Take YouThere
52.2%
Need YouTonight
50.8%
Tommy Can YouHear Me?
50.5%
Do YouReally Want to Hurt Me
49.3%
Got to Get YouInto My Life
46.5%
Arthur's Theme (Best That YouCan Do)
38.3%
I'll Have to Say I Love YouIn a Song
35.5%
What Have YouDone for Me Lately
34.7%
Whatever Gets Youthru the Night
34.6%
I Want to Take YouHigher
26.8%
I Bet YouLook Good On the Dancefloor
24.3%
Do YouBelieve in Magic
20.8%
Come Together.
Have Fun.
All Virtual.
We all need to come together. Play Sporcle's virtual live trivia to have fun, connect with people, and get your trivia on. Join a live hosted trivia game for your favorite pub trivia experience done virtually. If a virtual private party is more your thing, go here for details.

You're not logged in!

Compare scores with friends on all Sporcle quizzes.
OR
Log In

Sporcle TV

Today on Sporcle TV


Watch our educational content, quiz creation guides, and fun videos on Sporcle TV.

Show Comments

Extras

Top Quizzes Today


Score Distribution

Paid Content

Your Account Isn't Verified!

In order to create a playlist on Sporcle, you need to verify the email address you used during registration. Go to your Sporcle Settings to finish the process.

Report this User

Report this user for behavior that violates our Community Guidelines.

Details: